Statistiques concernant Gentilé des départements de France (Niveau moyen)

Cliquez ici pour prendre le quiz!

Statistiques générales

  • Ce quiz a été pris 54 fois
  • Le résultat moyen est 8 sur 15

Statistiques - réponses

HintRéponse% Correct
VosgesVosgiens
89%
SartheSarthois
85%
AudeAudois
79%
GardGardois
70%
MoselleMosellans
64%
DoubsDoubiens
53%
YvelinesYvelinois
53%
Bas RhinBas Rhinois
51%
Hautes AlpesHauts Alpins
49%
CalvadosCalvadosiens
45%
Corse du SudCorses du Sud
45%
CantalCantalous
34%
Pas de CalaisPas de Calaisiens
34%
Côtes d'armorCostarmoricains
30%
LoiretLoirétains
23%

Distribution des résultats

Percentile par nombre de réponses

% des personnes avec chaque résultat

Votre développement - résultats

Vous n’avez pas pris ce quiz